000 00492nam a2200193 a 4500
001 1777364303434
003 YourLibrary
005 20260428135012.0
008 260428s2004##################000#0#eng##
020 _a9781403964236
082 0 4 _a378.73
_bGIR
100 1 _aGiroux, Henry A.,
_eauthor.
245 1 0 _aTake Back Higher Education :
260 _bMacmillan,
_c2004.
300 _a344 pages
650 0 _aEducation.
942 _cENGLISH
040 _aYourLibrary
_beng
_cYourLibrary
999 _c620233
_d620233